Kabale University Library Catalogue

The anatomy and physiology textbook for midwives / (Record no. 6238)

MARC details
000 -LEADER
fixed length control field 00812cam a22002298i 4500
003 - CONTROL NUMBER IDENTIFIER
control field OSt
005 - DATE AND TIME OF LATEST TRANSACTION
control field 20260701143325.0
008 - FIXED-LENGTH DATA ELEMENTS--GENERAL INFORMATION
fixed length control field 240613s2025 enk b 001 0 eng
020 ## - INTERNATIONAL STANDARD BOOK NUMBER
International Standard Book Number 9781032130859
Qualifying information (hardback)
020 ## - INTERNATIONAL STANDARD BOOK NUMBER
International Standard Book Number 9781032130842
Qualifying information (paperback)
020 ## - INTERNATIONAL STANDARD BOOK NUMBER
Canceled/invalid ISBN 9781003227571
Qualifying information (ebook)
040 ## - CATALOGING SOURCE
Original cataloging agency KABLIB
Language of cataloging eng
Description conventions rda
Transcribing agency KABLIB
082 00 - DEWEY DECIMAL CLASSIFICATION NUMBER
Classification number 618.2
Edition number 23
Item number ANA
245 04 - TITLE STATEMENT
Title The anatomy and physiology textbook for midwives /
Statement of responsibility, etc. Jane Carpenter and Louise Hunter (Editors)
264 #1 - PRODUCTION, PUBLICATION, DISTRIBUTION, MANUFACTURE, AND COPYRIGHT NOTICE
Place of production, publication, distribution, manufacture Abingdon, Oxon ;
-- New York, NY :
Name of producer, publisher, distributor, manufacturer Routledge,
Date of production, publication, distribution, manufacture, or copyright notice c2025.
300 ## - PHYSICAL DESCRIPTION
Extent xi , 389p. :
Other physical details ill ,
Dimensions 25cm
504 ## - BIBLIOGRAPHY, ETC. NOTE
Bibliography, etc. note Includes bibliographical references, index.
650 22 - SUBJECT ADDED ENTRY--TOPICAL TERM
Topical term or geographic name entry element Reproductive Physiological Phenomena
9 (RLIN) 15861
700 1# - ADDED ENTRY--PERSONAL NAME
Personal name Carpenter, Jane,
Relator term editor.
9 (RLIN) 15862
700 1# - ADDED ENTRY--PERSONAL NAME
Personal name Hunter, Louise,
Relator term editor.
9 (RLIN) 15863
942 ## - ADDED ENTRY ELEMENTS (KOHA)
Source of classification or shelving scheme Dewey Decimal Classification
Koha item type Book
Holdings
Withdrawn status Lost status Source of classification or shelving scheme Damaged status Not for loan Home library Current library Shelving location Date acquired Source of acquisition Total Checkouts Full call number Barcode Date last seen Price effective from Koha item type
    Dewey Decimal Classification     School of Medicine Library School of Medicine Library Open Access Section 01.07.2026 Purchased   618.2 ANA 14940 01.07.2026 01.07.2026 Book
    Dewey Decimal Classification     School of Medicine Library School of Medicine Library Open Access Section 01.07.2026 Purchased   618.2 ANA 14941 01.07.2026 01.07.2026 Book
    Dewey Decimal Classification     School of Medicine Library School of Medicine Library Open Access Section 01.07.2026 Purchased   618.2 ANA 14942 01.07.2026 01.07.2026 Book

Kabale University Library | Kabale University P.O Box 317, Kabale, Uganda
Tel : +256754017033, +256774661503 E-mail : library@kab.ac.ug